000 00203 a2200097 4500
020 _a9780062436177
041 _aeng
100 _aSatin Capucilli, Alyssa
245 _aBiscuit loves the park
942 _cBK
999 _c31784
_d31782